02328cam a2200217 a 4500999001500000020001500015022001800030050002100048100001700069245013300086260007400219300003200293500019000325505134300515650005301858650003301911700001901944700002601963942000701989952011401996 c4375d4375 a0521461103 a978052146110800aHG3997.55b.G58  aReuven Glick00aExchange rate policy and interdependence :bperspectives from the Pacific basin /cedited by Reuven Glick, Michael M. Hutchison. aCambridge [England] ;aNew York :bCambridge University Press,c1994. ax, 375 p. :bill. ;c24 cm. aEssays originally prepared for a conference sponsored by the Center for Pacific Basin Monetary and Economic Studies at the Federal Reserve Bank of San Francisco, held Sept. 16-18, 1992. aFinancial links around the Pacific Rim : 1982-1992 / Menzie D. Chinn and Jeffrey A. Frankel -- Relative returns on equities in Pacific Basin countries / Charles Engel and John H. Rogers -- Exchange rate policy, international capital mobility, and monetary policy instruments / Michael P. Dooley and Donald J. Mathieson -- Exchange rate management : a partial review / Stephen J. Turnovsky -- Exchange rate policy and insulation from external shocks : the cases of Korea and Taiwan, 1970-1990 / Ramon Moreno -- Trade price shocks and insulation : Australia's experience with floating rates / John Pitchford -- The role of the exchange rate in New Zealand monetary policy / Arthur Grimes and Jason Wong -- Officially floating, implicitly targeted exchange rates : examples from the Pacific Basin / Helen Popper and Julia Lowell -- Monetary policy, intervention, and exchange rates in Japan / Reuven Glick and Michael M. Hutchison -- The signaling effect of foreign exchange intervention : the case of Japan / Tsutomu Watanabe -- Sterilization of the monetary effects of current account surpluses and its consequences : Korea, 1986-1990 / Sung Y. Kwack -- On the possibility of a yen bloc / Takatoshi Ito -- Economic fundamentals and a yen currency area for Asian Pacific Rim countries / Michael Melvin, Michael Ormiston, and Bettina Peiers. 0aForeign exchangexGovernment policyxCongresses. 0aMonetary policyxCongresses.1 aGlick, Reuven.1 aHutchison, Michael M. cBK 001040708REFaMUCGMbMUCGMcGENd2008-09-11l0oHG3997.55 .G58p13516r2018-09-11 00:00:00w2018-09-11yBK